| 000 | 00655cab a2200205 4500 | ||
|---|---|---|---|
| 001 | WB2625-04 | ||
| 008 | 090401t1990 xxu||||| |||| 00| 0 eng d | ||
| 035 | _a(Sirsi) u69035 | ||
| 041 | _aeng | ||
| 245 | _aPrecast cladding rules | ||
| 260 | _c1990 | ||
| 350 | _a0 | ||
| 490 |
_aContract Journal _vvol 355 no 5775 21/6/90 p7 |
||
| 520 | _aThe Architectural Precast Cladding Association has issued model conditions of contract for use in tendering for subcontracting supply and installation work. | ||
| 650 | _aCLADDING | ||
| 650 | _aCONFEDERATION OF CONSTRUCTION SPECIALISTS | ||
| 690 | _aBUILT ENVIRONMENT | ||
| 942 | _n0 | ||
| 948 | _c04/03/1997 | ||
| 999 |
_c43362 _d43362 |
||